Statistics for Arsenal FC transfers under Wenger at 5+ Million

Click here to take the quiz!

General Stats

  • This quiz has been taken 1,584 times
    (1,147 since last reset)
  • The average score is 15 of 36

Answer Stats

Hint Answer % Correct
42.5mOzil
96%
35mSanchez
91%
10.5mHenry
82%
13mGiroud
69%
9.1mWalcott
67%
10mKoscielny
63%
20mCazorla
61%
10mMertesacker
58%
5mRamsey
56%
6mPires
54%
8.3mMonreal
52%
15mArshavin
52%
16mChambers
47%
16mWelbeck
45%
12mOxlade Chamberlain
45%
10mArteta
44%
11mPodolski
42%
13mReyes
40%
15.8mNasri
39%
12mDebuchy
37%
13mWiltord
37%
6.8mRosicky
34%
6mSagna
34%
7mAdebayor
33%
11.2mGabriel
32%
11.2mHleb
29%
6mEdu
28%
10mVermaelen
25%
7mOvermars
24%
7.2mLauren
23%
10.6mGervinho
23%
6.2mSantos
20%
7.5mEduardo
18%
8mJeffers
17%
6mWright
14%
8.5mVan Bronckhorst
5%

Score Distribution

Percentile by Number Answered

Percent of People with Each Score

Your Score History

You have not taken this quiz since the last reset